[Event "Titled Tue 1st Oct Late"]
[Site "chess.com INT"]
[Date "2024.10.01"]
[Round "5"]
[White "Troff,Kayden"]
[Black "Wei Yi"]
[Result "0-1"]
[WhiteElo "2490"]
[BlackElo "2762"]

1.d4 Nf6 2.Nf3 d5 3.Bf4 Bg4 4.Ne5 Bf5 5.e3 e6 6.Nd2 Bd6 7.Bd3 O-O 8.Bxf5 exf5
9.Bg5 h6 10.Bh4 Re8 11.f4 Be7 12.Bxf6 Bxf6 13.Qh5 Bxe5 14.fxe5 Qg5 15.Qxg5 hxg5
16.O-O g6 17.h3 f6 18.exf6 Nd7 19.Nf3 Rxe3 20.Rae1 Ree8 21.g4 Nxf6 22.gxf5 gxf5
23.Rxe8+ Rxe8 24.Nxg5 Kg7 25.h4 Kg6 26.Nh3 Rh8 27.Nf4+ Kf7 28.Ng2 Ke6 29.Nf4+ Kd6
30.Ng2 Rh5 31.Kh2 Ne4 32.Kh3 c6 33.Nf4 Rh8 34.Ng6 Rh6 35.Nf4 Ke7 36.Ng2 Ke6
37.Ne3 Rh5 38.Ng2 Rh7 39.Ne3 Rf7 40.Ng2 Kf6 41.c3 Rg7 42.Nf4 Rg3+ 43.Kh2 Rg4
44.Kh3 Nd2 45.Rf2 Ne4 46.Rf3 Rg1 47.Kh2 Rb1 48.Nd3 Rd1 49.Kh3 Rxd3 50.Rxd3 Nf2+
51.Kg3 Nxd3 52.b3 Nc1 53.h5 Nxa2 54.Kf4 Nxc3 55.h6 Ne2+ 56.Ke3 Nxd4 57.Kf4 Ne6+  0-1

[Event "Titled Tue 1st Oct Late"]
[Site "chess.com INT"]
[Date "2024.10.01"]
[Round "6"]
[White "Wei Yi"]
[Black "Naroditsky,D"]
[Result "1-0"]
[WhiteElo "2762"]
[BlackElo "2619"]

1.d4 Nf6 2.c4 g6 3.Nc3 Bg7 4.e4 d6 5.h3 O-O 6.Bg5 c5 7.d5 e6 8.Bd3 exd5 9.cxd5 h6
10.Be3 b5 11.e5 dxe5 12.Bxc5 Re8 13.Bxb5 Bd7 14.Nge2 Bxb5 15.Nxb5 Qa5+ 16.Nec3 Na6
17.Ba3 Rab8 18.Nxa7 Nb4 19.Bxb4 Qxb4 20.Nc6 Qxb2 21.Qc1 Rb6 22.O-O Qxc1 23.Rfxc1 e4
24.a4 e3 25.fxe3 Ne4 26.a5 Ra6 27.Nxe4 Bxa1 28.Nc5 Bb2 29.Rc2 Rxc6 30.dxc6 Be5
31.Nd7 Bg7 32.c7 Rc8 33.Nb6 Re8 34.c8=Q Rxc8 35.Rxc8+ Kh7 36.a6 Be5 37.a7 g5
38.a8=Q Kg6 39.Qe4+ Kh5 40.Qxe5 f6 41.Qxf6 g4 42.Qf5+  1-0

[Event "Titled Tue 1st Oct Late"]
[Site "chess.com INT"]
[Date "2024.10.01"]
[Round "7"]
[White "Xiong,Jeffery"]
[Black "Wei Yi"]
[Result "1-0"]
[WhiteElo "2646"]
[BlackElo "2762"]

1.d4 Nf6 2.c4 e6 3.Nf3 d5 4.Nc3 c6 5.Bg5 h6 6.Bxf6 Qxf6 7.e3 g6 8.Be2 Bg7
9.O-O O-O 10.cxd5 exd5 11.b4 a6 12.a4 Be6 13.Ne5 Nd7 14.Nd3 a5 15.Qb3 axb4
16.Qxb4 b6 17.Qd6 Rfd8 18.Rfc1 Nc5 19.Qxc6 Nb3 20.Qxb6 Rab8 21.Qa7 Ra8 22.Qb6 Rab8
23.Qa7 Nxa1 24.Rxa1 Bf8 25.Nf4 Rb2 26.Bf3 g5 27.Nfxd5 Bxd5 28.Nxd5 Qe6 29.Qa5 Rdb8
30.g4 h5 31.h3 hxg4 32.hxg4 Bd6 33.Kg2 Rb1 34.Rxb1 Rxb1 35.Qd8+ Kg7 36.Qxg5+ Kf8
37.Nf6 Ke7 38.Ne4+ Kd7 39.Nxd6 Kxd6 40.Qc5+ Kd7 41.a5 Ra1 42.Qb5+ Ke7 43.Qg5+ Kd7
44.Qb5+ Ke7 45.g5 Qd6 46.Qb7+ Kf8 47.Bd5 Qg6 48.Qb8+ Kg7 49.Qe5+ Kf8 50.Qb8+ Kg7
51.Qe5+ Kf8 52.Bf3 Qh7 53.Kg3 Rg1+ 54.Bg2 Qh1 55.Qd6+ Kg8 56.Qb8+ Kg7 57.Qe5+ Kg8
58.Qe4 Qh5 59.Qf4 Qh1 60.Qf3 Qh7 61.a6 Qg6 62.Qf6 Qe4 63.Qf3 Qg6 64.Qf4 Qxa6
65.Kh2 Rc1 66.Bd5 Qg6 67.Qf6 Qh5+ 68.Kg3 Rg1+ 69.Bg2 Qh1 70.Qf3 Qh7 71.Qf4 Qh1
72.Qe4 Qh5 73.Qe8+ Kg7 74.Qe5+ Kg8 75.d5 Qd1 76.Qe8+ Kg7 77.Qe5+ Kf8 78.d6 Qd2
79.Qe7+ Kg7 80.d7 Qd5 81.Qf6+ Kh7 82.g6+ fxg6 83.Qe7+ Kh6 84.e4 Qd3+ 85.Kh2 Rd1
86.Bh3 Qd4 87.Qh4+  1-0

[Event "Titled Tue 1st Oct Late"]
[Site "chess.com INT"]
[Date "2024.10.01"]
[Round "8"]
[White "Wei Yi"]
[Black "Martirosyan,Haik M."]
[Result "1/2-1/2"]
[WhiteElo "2762"]
[BlackElo "2667"]

1.e4 c6 2.Nf3 d5 3.e5 Bg4 4.Be2 e6 5.d4 c5 6.c4 Nc6 7.cxd5 exd5 8.Nc3 cxd4
9.Nxd4 Bxe2 10.Kxe2 Qd7 11.Re1 Bb4 12.e6 fxe6 13.Nxe6 Nf6 14.Kf1 Kf7 15.Ng5+ Kg8
16.a3 Bxc3 17.bxc3 h6 18.Ne6 Kf7 19.Nc5 Qc7 20.Qf3 Qxh2 21.Nxb7 Rae8 22.Be3 Re7
23.Qh3 Qxh3 24.Nd6+ Ke6 25.Bc5+ Kd7 26.gxh3 Rb8 27.Nf5 Rxe1+ 28.Rxe1 Ne4
29.Be3 Rb3 30.Nxg7 Rxc3 31.Rd1 Ne7 32.a4 a5 33.Nh5 Kd6 34.Nf4 Rc4 35.Rb1 Rxa4
36.Rb6+ Nc6 37.Ng6 d4 38.Bf4+ Kc5 39.Ra6 Nb4 40.Ra8 Ra1+ 41.Kg2 Nd3 42.Rc8+ Kb5
43.Rb8+ Kc4 44.Rc8+ Kb3 45.Rb8+ Kc2 46.Rc8+ Nc3 47.Bxh6 a4 48.Bg7 Ne1+ 49.Kg3 Rd1
50.h4 a3 51.h5 a2 52.Ra8 Rd3+ 53.Kh2 Rf3 54.Bxd4 Rf5 55.h6 Nf3+ 56.Kg3 Nxd4
57.h7 Rh5 58.h8=Q Rxh8 59.Nxh8 Kb3 60.Rxa2 Kxa2 61.f4 Kb3 62.f5 Nxf5+ 63.Kf4 Nd4
64.Ng6 Kc4 65.Ne5+ Kd5 66.Nc6 Ne6+ 67.Kf5 Kd6 68.Nd4 Nc5 69.Nb5+ Nxb5  1/2-1/2

[Event "Titled Tue 1st Oct Late"]
[Site "chess.com INT"]
[Date "2024.10.01"]
[Round "9"]
[White "Wei Yi"]
[Black "Santos Latasa,J"]
[Result "1-0"]
[WhiteElo "2762"]
[BlackElo "2624"]

1.d4 Nf6 2.c4 e6 3.Bg5 h6 4.Bh4 c5 5.d5 exd5 6.cxd5 d6 7.e4 Be7 8.Bg3 Qa5+
9.Qd2 Qxd2+ 10.Nxd2 Nh5 11.f4 Na6 12.Bxa6 bxa6 13.Ngf3 f5 14.O-O-O fxe4 15.Nxe4 Bg4
16.Rhe1 Bxf3 17.gxf3 Kd7 18.Rd3 Rab8 19.Ra3 Rb6 20.Nd2 Bf6 21.Nc4 Rb4 22.b3 Bc3
23.Re6 Re8 24.Rxd6+ Ke7 25.Raxa6 Kf8 26.Kc2 Bd4 27.Rxa7 Nf6 28.Ne5 Kg8 29.Nc6 Rb5
30.Re6 Rf8 31.a4  1-0

[Event "Titled Tue 1st Oct Late"]
[Site "chess.com INT"]
[Date "2024.10.01"]
[Round "10"]
[White "Bortnyk,Olexandr"]
[Black "Wei Yi"]
[Result "1/2-1/2"]
[WhiteElo "2608"]
[BlackElo "2762"]

1.d4 Nf6 2.Nc3 d5 3.Bf4 c5 4.e4 Nxe4 5.Nxe4 dxe4 6.dxc5 Qa5+ 7.c3 Qxc5 8.Qa4+ Nc6
9.Qxe4 g6 10.Nf3 Bg7 11.Rd1 O-O 12.Be3 Qa5 13.Bc4 Bf5 14.Qh4 Ne5 15.Nxe5 Qxe5
16.O-O Qc7 17.Bg5 h6 18.Bxh6 Bf6 19.Qf4 e5 20.Qf3 Qxc4 21.Bxf8 Rxf8 22.Qxb7 Bd3
23.Rfe1 e4 24.Qxa7 Kg7 25.Re3 Rh8 26.h3 Rh5 27.Rg3 Rb5 28.Qa3 Rb7 29.Re3 Be7
30.b4 Bg5 31.Rg3 Bf4 32.Rg4 Be5 33.Qa8 Re7 34.Rh4 Kf6 35.Qd8 Ke6 36.a4 Qc7
37.Rxd3 exd3 38.Qxd3 Rd7 39.Qe2 Qd8 40.g3 Rd1+ 41.Kg2 Qd5+ 42.Qe4 Rc1 43.c4 Qxe4+
44.Rxe4 Kf5 45.Kf3 Rc3+ 46.Re3 Rxc4 47.Rb3 Bd6 48.a5 Rxb4 49.g4+ Ke5 50.Rxb4 Bxb4
51.a6 Bc5 52.h4 f5 53.h5 g5 54.h6 fxg4+ 55.Kxg4 Kf6 56.h7 Kg7 57.f3 Kxh7
58.Kxg5 Kg7 59.Kf5 Ba7 60.Ke6 Kf8 61.Kf6 Ke8 62.f4 Kf8 63.f5 Bb6 64.Ke6 Ba7
65.Kf6 Bb6 66.Ke5 Ba7 67.Kd6 Bb6 68.Kc6 Ba7 69.Kb7 Bg1 70.Kb8 Kf7 71.Kb7 Kf6
72.a7 Bxa7 73.Kxa7 Kxf5  1/2-1/2

[Event "Titled Tue 1st Oct Late"]
[Site "chess.com INT"]
[Date "2024.10.01"]
[Round "11"]
[White "Wei Yi"]
[Black "Svane,Frederik"]
[Result "0-1"]
[WhiteElo "2762"]
[BlackElo "2640"]

1.Nf3 d5 2.e3 e6 3.c4 Nf6 4.b3 b6 5.Bb2 Bd6 6.cxd5 exd5 7.g3 O-O 8.Nc3 Nbd7
9.Bg2 Ba6 10.Ne2 Nc5 11.O-O Nd3 12.Bc3 c5 13.Ne1 Ne4 14.Nxd3 Bxd3 15.Re1 Re8
16.Nf4 Bxf4 17.exf4 d4 18.Bb2 b5 19.Rc1 Qd5 20.Ba3 c4 21.bxc4 bxc4 22.Qa4 h6
23.Bf3 Re6 24.Kg2 Rae8 25.Bb4 Qf5 26.Qxa7 g5 27.Qxd4 g4 28.Be2 Nxf2 29.Bxd3 Nxd3
30.Rxe6 Rxe6 31.Bc3 f6 32.Qd8+ Kf7 33.Qd7+ Kg6 34.Qd8 Qe4+ 35.Kg1 Kf7 36.Rb1 Nxf4
37.gxf4 Qxb1+ 38.Kf2 Qe4 39.Qd7+ Re7 40.Qxg4 Qg6 41.Qxg6+ Kxg6 42.a4 Kf5
43.Kf3 Re4 44.a5 Rxf4+ 45.Kg3 Rg4+ 46.Kf3 Re4 47.Kg3 Re6 48.Kf3 h5 49.Bb4 Rc6
50.Bc3 Rd6 51.Bb4 Rd3+ 52.Ke2 Rb3 53.Bc3 Rb5 54.Ke3 Rd5 55.Bb4 Rd3+ 56.Ke2 Ke4
57.a6 Rd8 58.a7 Kd5 59.Ba5 Ra8 60.Bb6 Kc6 61.Be3 Kb7 62.Kf3 Re8 63.Kf4 Re5
64.Bd4 Rd5 65.Ke4 Rd7 66.Be3 Rd3 67.h4 Ka8 68.Kf4 c3 69.dxc3 Rxc3 70.Bf2 Rc4+
71.Kf5 Rg4 72.Be3 Rxh4 73.Kxf6 Rg4 74.Kf5 Rg2 75.Bg5 Kxa7 76.Bh4 Rg4 77.Bg5 Kb7
78.Bf4 Kc6 79.Bg5 Kd5 80.Bf4 Kd4 81.Bg5 Kd3  0-1

[Event "TechM GCL 2024"]
[Site "London ENG"]
[Date "2024.10.03"]
[Round "1.3"]
[White "Wei Yi"]
[Black "Abdusattorov,Nodirbek"]
[Result "0-1"]
[WhiteElo "2763"]
[BlackElo "2783"]

1.e4 e5 2.Nf3 Nc6 3.Bc4 Nf6 4.d3 Bc5 5.c3 d6 6.Bg5 a6 7.Nbd2 Ba7 8.O-O O-O
9.a4 Ne7 10.Nh4 Bg4 11.Qe1 Kh8 12.Kh1 Nfg8 13.h3 Bd7 14.Qe2 f6 15.Be3 Bxe3
16.Qxe3 Qe8 17.Bb3 Qh5 18.Nhf3 f5 19.exf5 Nxf5 20.Qg5 Qe8 21.Ne4 Nf6 22.Ng3 h6
23.Qd2 Nh5 24.Kh2 Nf4 25.d4 Bc6 26.Bd1 Qg6 27.Ra3 Nxg2 28.d5 Bxd5 29.Qxd5 Nxg3
30.Rg1 Nf4 31.Qxb7 Nf1+ 32.Kh1 Qf5 33.Rg4 Nxh3 34.Nh4 Nxf2+ 35.Kg1 Nh3+ 36.Kh1 Qf2
37.Ng6+ Kh7 38.Nxf8+ Rxf8 39.Qg2 Qe1 40.Bc2+ Kh8 41.Qxh3 Ng3+  0-1

[Event "TechM GCL 2024"]
[Site "London ENG"]
[Date "2024.10.04"]
[Round "2.3"]
[White "Praggnanandhaa,R"]
[Black "Wei Yi"]
[Result "0-1"]
[WhiteElo "2746"]
[BlackElo "2763"]

1.e4 d5 2.exd5 Qxd5 3.Nc3 Qa5 4.d4 Nf6 5.Nf3 g6 6.Bc4 Bg7 7.h3 O-O 8.O-O c5
9.Qe2 Nc6 10.d5 Nd4 11.Nxd4 cxd4 12.Nb5 a6 13.Nxd4 Nxd5 14.Rd1 e6 15.c3 Bd7
16.Nb3 Qc7 17.Bxd5 exd5 18.Qf3 Ba4 19.Be3 Rad8 20.Rd2 Bxb3 21.axb3 d4 22.cxd4 Qb6
23.Bg5 Rxd4 24.Be3 Qb4 25.Ra4 Qxd2 26.Bxd2 Rxd2 27.Qxb7 Bd4 28.Rxa6 Rxf2
29.Ra8 Rxb2+ 30.Kf1 Bc5 31.Rxf8+ Bxf8 32.g4 h6 33.Qb8 g5 34.Ke1 Ra2 35.b4 Ra6
36.b5 Re6+ 37.Kd1 Kg7 38.b6 Bd6 39.Qa7 Bf4 40.b7 Rd6+ 41.Kc2 Rc6+ 42.Kd3 Rd6+
43.Kc4 Rc6+ 44.Kb5 Re6 45.Qd4+ Be5 46.Qd8 Bf4 47.Kc5 Be3+ 48.Kc4 Bf4 49.Qd4+ Be5
50.Qc5 Bf4 51.Kd3 Be5 52.Qc8 Bf4 53.Kd4 Rd6+ 54.Kc5 Re6 55.Kb5 Be5 56.Qc4 Bg3
57.Qc3+ Be5 58.Qe3 Bb8 59.Qf3 Be5 60.Kc4 Bb8 61.Qd5 Bf4 62.Qd8 Be5 63.h4 gxh4
64.Qxh4 Bf4 65.Qf2 Be5 66.Qc5 Bf4 67.Qf5 Rf6 68.Qc8 Re6 69.Kd3 Re3+ 70.Kd4 Re6
71.Kc4 Rg6 72.Kd3 Re6 73.Qc4 Bb8 74.Qd4+ Be5 75.Qb4 Rg6 76.Qc5 Re6 77.Qc8 Bf4
78.Kd4 Be5+ 79.Kd5 Bf4 80.Qc4 Be5 81.Qe2 Bf4 82.Qb2+ Kg8 83.Qb4 Bb8 84.Qc3 Rd6+
85.Ke4 Re6+ 86.Kf5 Bd6 87.Qd4 Kh7 88.g5 hxg5 89.Kxg5 Be7+ 90.Kf5 Bd6 91.Qh4+ Kg7
92.Qg5+ Rg6 93.Qd8 Bg3 94.Qd4+ Kg8 95.Qd8+ Kg7 96.Qd3 Rf6+ 97.Ke4 Re6+ 98.Kf5 Rf6+
99.Kg4 Be5 100.Qd5 Bb8 101.Qd4 Kg6 102.Qd3+ Kg7 103.Qd4 Kg6 104.Qd3+ Kg7
105.Qc3 Kg6 106.Qc2+ Kg7 107.Qc3 Kg6 108.Qd3+ Kg7 109.Qd8 Rg6+ 110.Kf5 Bd6
111.Qd7 Rf6+ 112.Ke4 Bb8 113.Qd4 Kg6 114.Qg1+ Kh7 115.Qh1+ Kg7 116.Qg1+ Rg6
117.Qd4+ Kh7 118.Qd3 Re6+ 119.Kd5+ Kg7  0-1

[Event "TechM GCL 2024"]
[Site "London ENG"]
[Date "2024.10.05"]
[Round "4.2"]
[White "Duda,J"]
[Black "Wei Yi"]
[Result "0-1"]
[WhiteElo "2740"]
[BlackElo "2763"]

1.d4 Nf6 2.c4 e6 3.g3 d5 4.Bg2 Be7 5.Nf3 O-O 6.Qc2 c5 7.O-O cxd4 8.Nxd4 e5
9.Nf5 d4 10.Rd1 Bc5 11.Nc3 Nc6 12.Nd5 Nb4 13.Nxb4 Bxb4 14.a3 Ba5 15.Nh4 Bc7
16.b4 a5 17.b5 Bd6 18.e3 Bg4 19.Bf3 e4 20.Bxg4 d3 21.Qa2 Nxg4 22.f3 exf3
23.Rxd3 f2+ 24.Kg2 Qf6 25.Bd2 Bc5 26.Rf1 Qe6 27.Rd5 Bxe3 28.Nf5 Bxd2 29.Qxd2 Qe4+
30.Kh3 Qxc4 31.Qd3 Qxd3 32.Rxd3 h5 33.Kg2 Rfd8 34.Rxd8+ Rxd8 35.h3 Ne5 36.Rxf2 Rd3
37.a4 Ra3 38.Rf4 Ra2+ 39.Kf1 Nd3 40.Rd4 Nc5 41.Nd6 b6 42.Nc8 Nxa4 43.g4 hxg4
44.hxg4 Nc3 45.Nxb6 Nxb5 46.Rd8+ Kh7 47.Rd7 f6 48.Nd5 Kh6 49.Ne3 g6 50.g5+ fxg5
51.Ng4+ Kh5 52.Nf6+ Kh4 53.Ne4 Ra4  0-1

[Event "TechM GCL 2024"]
[Site "London ENG"]
[Date "2024.10.06"]
[Round "5.3"]
[White "Wei Yi"]
[Black "Vidit,S"]
[Result "1-0"]
[WhiteElo "2763"]
[BlackElo "2726"]

1.d4 Nf6 2.Bf4 e6 3.e3 d5 4.Nc3 Bd6 5.Qf3 O-O 6.g4 Nc6 7.g5 Ne8 8.O-O-O Bxf4
9.Qxf4 f6 10.Bd3 Nd6 11.Qh4 f5 12.f4 Ne7 13.Nf3 b6 14.Rhg1 Ng6 15.Qf2 c5
16.Ne5 c4 17.Be2 b5 18.Bh5 Nxe5 19.dxe5 b4 20.Nxd5 exd5 21.exd6 Qxd6 22.Rg3 Be6
23.Rh3 g6 24.Bxg6 hxg6 25.Qh4 Kf7 26.Qh7+ Ke8 27.Qxg6+ Kd7 28.Rh6 Rae8 29.Qg7+ Kc6
30.Qxa7 Ra8 31.Qg7 Rfe8 32.Rh7 Bd7 33.Rh6 Be6 34.Kb1 Re7 35.Qf6 Kb5 36.e4 fxe4
37.f5 e3 38.fxe6 e2 39.Re1 Qa6 40.Qxe7 Qxa2+ 41.Kc1 c3 42.Qb7+ Kc5 43.Qc7+ Kb5
44.bxc3 b3 45.Qb7+ Kc5 46.Qb4+ Kc6 47.e7+ Kd7 48.Qb7+  1-0

[Event "TechM GCL 2024"]
[Site "London ENG"]
[Date "2024.10.07"]
[Round "6.1"]
[White "Vidit,S"]
[Black "Wei Yi"]
[Result "1-0"]
[WhiteElo "2726"]
[BlackElo "2763"]

1.e4 c5 2.Nf3 d6 3.d4 cxd4 4.Nxd4 Nf6 5.Nc3 a6 6.Be3 e5 7.Nf3 Be7 8.Bc4 Be6
9.Bb3 O-O 10.O-O Qc8 11.a4 Nbd7 12.Nh4 g6 13.Nf3 Nc5 14.Bg5 Rd8 15.Bxf6 Bxf6
16.Nd5 Nxb3 17.Nxf6+ Kg7 18.Nh5+ gxh5 19.cxb3 f6 20.Nh4 d5 21.Rc1 Qd7 22.exd5 Qxd5
23.Rc7+ Kh6 24.Qc1+ Qd2 25.Rxb7 Qxc1 26.Rxc1 Rac8 27.Re1 Rc6 28.b4 Rd2 29.b5 axb5
30.Rxb5 Bc4 31.Rb7 Ba6 32.Ra7 Bd3 33.b4 Rcc2 34.Rd7 Re2 35.Rf1 e4 36.Nf5+ Kg6
37.Ne3 Ra2 38.a5 Reb2 39.Re1 Rxf2 40.h3 f5 41.Rd6+ Kg7 42.Rc1 Kf8 43.Rc7 Ke8
44.Rb6 Kd8 45.Rxh7 Kc8 46.Rg6  1-0

[Event "TechM GCL 2024"]
[Site "London ENG"]
[Date "2024.10.08"]
[Round "7.2"]
[White "Wei Yi"]
[Black "Duda,J"]
[Result "1/2-1/2"]
[WhiteElo "2763"]
[BlackElo "2740"]

1.e4 e5 2.Nf3 Nc6 3.Bc4 Bc5 4.d3 Nf6 5.a4 a5 6.Be3 Bxe3 7.fxe3 d6 8.O-O O-O
9.Nbd2 Be6 10.h3 Bxc4 11.Nxc4 Ne7 12.Nh4 Qd7 13.Qe2 Qe6 14.Rf2 g6 15.Raf1 Nd7
16.b3 f6 17.d4 exd4 18.exd4 d5 19.Nd2 Rae8 20.Re1 dxe4 21.Nxe4 Nc6 22.Nf3 f5
23.Neg5 Qxe2 24.Rfxe2 Rxe2 25.Rxe2 Nf6 26.c4 Nd8 27.d5 Re8 28.Rxe8+ Nxe8
29.Nd4 Kg7 30.Kf2 h6 31.Nge6+ Nxe6 32.Nxe6+ Kf6 33.Ke3 g5 34.Kd4 f4 35.c5 b6
36.Kc4 Ke5 37.Nd4 bxc5 38.Kxc5 Nd6 39.Nc6+ Ke4 40.b4 Nb7+ 41.Kc4 Nd6+ 42.Kc5 Nb7+
43.Kc4 Nd6+ 44.Kc3 Kxd5 45.Nxa5 h5 46.Nb3 g4 47.hxg4 hxg4 48.Kd3 Nc4 49.a5 Ne5+
50.Kd2 Kc4 51.Nc1 f3 52.gxf3 gxf3 53.a6 Nc6 54.Nd3 Kb5 55.Ke3 Kxa6 56.Kxf3 Kb5
57.Nf4 Kc4 58.Ke4 Nxb4 59.Ne6 c6 60.Nd4 Kc5 61.Nxc6 Nxc6  1/2-1/2

[Event "TechM GCL 2024"]
[Site "London ENG"]
[Date "2024.10.10"]
[Round "9.3"]
[White "Abdusattorov,Nodirbek"]
[Black "Wei Yi"]
[Result "1-0"]
[WhiteElo "2783"]
[BlackElo "2763"]

1.d4 Nf6 2.Nf3 d5 3.Bf4 c5 4.e3 Nc6 5.Nbd2 Nh5 6.Bg5 h6 7.Bh4 g5 8.Ne5 Nxe5
9.dxe5 Ng7 10.Bg3 Qb6 11.Qf3 Be6 12.O-O-O O-O-O 13.e4 dxe4 14.Qa3 Nf5 15.Bc4 Bg7
16.Bxe6+ Qxe6 17.Qxa7 Nxg3 18.hxg3 Bxe5 19.Nxe4 b6 20.Rde1 Qc6 21.Nd2 Bxb2+
22.Kxb2 Rxd2 23.Rxe7 Rhd8 24.Qa6+ Kb8 25.Rxh6 R2d6 26.Rxd6 Rxd6 27.Rxf7 Rf6
28.Rh7 Rf8 29.a4 Rd8 30.Rf7 c4 31.Kc3  1-0

[Event "TechM GCL 2024"]
[Site "London ENG"]
[Date "2024.10.11"]
[Round "10.3"]
[White "Wei Yi"]
[Black "Praggnanandhaa,R"]
[Result "1/2-1/2"]
[WhiteElo "2763"]
[BlackElo "2746"]

1.Nf3 d5 2.b3 c5 3.Bb2 f6 4.e3 e5 5.d4 cxd4 6.exd4 e4 7.Nfd2 f5 8.c4 Nf6
9.Nc3 Bd6 10.cxd5 O-O 11.Be2 a6 12.Nc4 Bb4 13.d6 b5 14.Ne5 Nd5 15.Rc1 Qxd6
16.O-O Bxc3 17.Bxc3 Nd7 18.Qd2 Bb7 19.f3 e3 20.Qb2 Rac8 21.Ba5 Nf4 22.Rcd1 Nxe5
23.dxe5 Qg6 24.g3 Nxe2+ 25.Qxe2 f4 26.Rd6 Qg5 27.g4 h5 28.h3 Qh4 29.Qg2 Qg3
30.Qxg3 fxg3 31.Rd3 e2 32.Re1 Rxf3 33.Rd2 g2 34.Rdxe2 Rxh3 35.Bb6 Rf8 36.Rxg2 Bxg2
37.Kxg2 hxg4 38.e6 Re8 39.Bc5 Rc3 40.b4 a5 41.Re4 axb4 42.Re5 b3 43.axb3 Rxb3
44.e7 b4 45.Re4 Rf3 46.Rxg4 Rf5 47.Bxb4 Kf7 48.Re4 Rf6 49.Kg3 Rc8 50.Bc5 Rf5
51.Bb4 Rg5+ 52.Kf3 Rg6 53.Rh4 Rh6 54.Rg4 Rf6+ 55.Ke3 Rcc6 56.Rd4 Rce6+ 57.Kd3 Rf3+
58.Kc4 Rfe3 59.Rf4+ Kg6 60.Rg4+ Kf7 61.Rf4+ Rf6 62.Rd4 Rc6+ 63.Kd5 Rce6 64.Rf4+ Kg6
65.Rg4+ Kh7 66.Rh4+ Kg8 67.Rf4 R3e5+ 68.Kd4 g5 69.Rf8+ Kg7 70.Bd6 Re4+ 71.Kd5 g4
72.Rf5 Kg6 73.Rf8 Kh5 74.Rh8+ Kg5 75.Rg8+ Kh4 76.Rh8+ Kg5 77.Rg8+ Kh5 78.Rh8+ Kg6
79.Rg8+ Kf7 80.Rg5 Rxe7 81.Bxe7 Rxe7  1/2-1/2

[Event "39th ECC Open 2024"]
[Site "Vrnjacka Banja SRB"]
[Date "2024.10.20"]
[Round "1.2"]
[White "Wei Yi"]
[Black "Ostlund,Joar"]
[Result "1-0"]
[WhiteElo "2763"]
[BlackElo "2339"]

1.c4 e6 2.Nc3 d5 3.d4 Nf6 4.cxd5 exd5 5.Bg5 c6 6.e3 Bd6 7.Bd3 O-O 8.Nge2 Re8
9.Qc2 h6 10.Bh4 a5 11.h3 Na6 12.a3 Nc7 13.O-O Ne6 14.f4 Nf8 15.Rf3 Be7 16.Ng3 Bd7
17.Rc1 Kh8 18.Kh2 b5 19.Nf5 Bxf5 20.Bxf5 g6 21.Bd3 Ne4 22.Bxe7 Qxe7 23.Bxe4 dxe4
24.Rf2 Nd7 25.d5 Rac8 26.Qd1 cxd5 27.Nxd5 Qd6 28.Rd2 Nf6 29.Nc7 Qxc7 30.Rxc7 Rxc7
31.Rd6 Kg7 32.Rxf6  1-0

[Event "39th ECC Open 2024"]
[Site "Vrnjacka Banja SRB"]
[Date "2024.10.21"]
[Round "2.2"]
[White "Sahidi,Samir"]
[Black "Wei Yi"]
[Result "0-1"]
[WhiteElo "2481"]
[BlackElo "2763"]

1.d4 Nf6 2.c4 e6 3.Nf3 d5 4.Nc3 c6 5.e3 Nbd7 6.Qc2 Bd6 7.Bd2 O-O 8.Bd3 Qe7
9.h3 dxc4 10.Bxc4 b5 11.Bd3 Bb7 12.O-O b4 13.Na4 c5 14.dxc5 Nxc5 15.Nxc5 Bxc5
16.Rac1 Rac8 17.Qb1 e5 18.Be2 e4 19.Nd4 Qe5 20.Rfd1 h5 21.Be1 h4 22.Rxc5 Qxc5
23.a3 a5 24.Nb3 Qc2 25.Nd4 Qxb1 26.Rxb1 Nd5 27.Nb3 bxa3 28.Nxa5 Rc2 29.bxa3 Rxe2
30.Nxb7 Rb8 31.Ba5 Ra2 32.Rb5 Rxa3 33.Rxd5 Rxb7 34.Kh2 Rb1 35.g3 Ra2 36.Kg2 hxg3
37.Kxg3 Rf1 38.Kf4 Rfxf2+ 39.Kxe4 Ra4+ 40.Kd3 Rh2 41.Rh5 f6 42.Bb6 Ra1 43.Bc7 Rb2
44.Ke4 Rb4+ 45.Kf3 g5 46.Bg3 Ra5 47.Ke2 Ra2+ 48.Kf3 Kg7 49.Bd6 Rb6 50.Bc5 Rb8  0-1

[Event "39th ECC Open 2024"]
[Site "Vrnjacka Banja SRB"]
[Date "2024.10.22"]
[Round "3.2"]
[White "Wei Yi"]
[Black "Steinberg,N"]
[Result "1/2-1/2"]
[WhiteElo "2763"]
[BlackElo "2554"]

1.e4 c5 2.Nf3 d6 3.d4 cxd4 4.Nxd4 Nf6 5.Nc3 a6 6.Bg5 e6 7.Qf3 Nbd7 8.O-O-O Qc7
9.Qg3 Be7 10.a3 b5 11.f4 Rb8 12.Be2 b4 13.axb4 Rxb4 14.e5 dxe5 15.fxe5 Qxe5
16.Nc6 Qxg3 17.hxg3 Rb6 18.Nxe7 Kxe7 19.Bd2 Re8 20.Na4 Rb8 21.Rh4 Kf8 22.g4 Ne4
23.Be3 h6 24.Bf3 f5 25.Bxe4 fxe4 26.Nc3 Nf6 27.g5 hxg5 28.Bxg5 e3 29.Bxf6 gxf6
30.Ne4 e2 31.Rh8+ Ke7 32.Rh7+ Kf8 33.Rdh1 f5 34.Nc3 Rb7 35.Nxe2 Rg7 36.Nf4 Kf7
37.Kd2 e5 38.Nd3 Bb7 39.R1h5 Be4 40.g3 Rxh7 41.Rxh7+ Kg6 42.Ra7 Bxd3 43.cxd3 Re6  1/2-1/2

[Event "39th ECC Open 2024"]
[Site "Vrnjacka Banja SRB"]
[Date "2024.10.23"]
[Round "4.2"]
[White "Yakubboev,Nodirbek"]
[Black "Wei Yi"]
[Result "1-0"]
[WhiteElo "2654"]
[BlackElo "2763"]

1.d4 Nf6 2.Nf3 g6 3.Nbd2 d5 4.b4 Bg7 5.Bb2 a5 6.b5 a4 7.Rc1 c6 8.e3 O-O 9.Ba3 cxb5
10.Bxb5 Qa5 11.Bd3 Ne4 12.c3 Bf5 13.Qc2 Nxd2 14.Nxd2 Bxd3 15.Qxd3 Nc6 16.Rb1 Rfc8
17.Rxb7 e6 18.O-O Nd8 19.Bb4 Qa6 20.Qxa6 Rxa6 21.Rb5 Bf8 22.Rc1 Bxb4 23.Rxb4 Nc6
24.Rb5 Na7 25.Rb7 Rcc6 26.Kf1 Rcb6 27.Rb1 Rc6 28.Nf3 Rxc3 29.Ne5 Nc6 30.Nxf7 Ra7
31.Rxa7 Nxa7 32.Ng5 Nc6 33.Nxe6 a3 34.Rb7 h5 35.Rg7+ Kh8 36.Rc7 Rc4 37.g4 Nb4
38.Ra7 Rc3 39.gxh5 gxh5 40.Nc7 Rc2 41.Ne8 Nd3 42.f4 Kg8 43.Nf6+ Kf8 44.Rxa3 Rf2+
45.Kg1 Rd2 46.Nxd5 h4 47.h3 Ne1 48.e4 Nc2 49.Ra8+ Kg7 50.Ra7+ Kh6 51.Nf6 Nxd4
52.Ng4+ Kg6 53.Ne5+ Kh6 54.Kf1 Rc2 55.Ng4+ Kg6 56.f5+ Kg5 57.f6 Kf4 58.f7 Rc8
59.e5 Nf3 60.e6 Ng5 61.Re7 Kf3 62.Ke1 Ne4 63.f8=Q+  1-0

[Event "39th ECC Open 2024"]
[Site "Vrnjacka Banja SRB"]
[Date "2024.10.24"]
[Round "5.1"]
[White "Maghsoodloo,Parham"]
[Black "Wei Yi"]
[Result "1-0"]
[WhiteElo "2719"]
[BlackElo "2763"]

1.e4 c5 2.Nf3 d6 3.Bb5+ Nd7 4.a4 Nf6 5.Nc3 a6 6.Be2 b6 7.d4 cxd4 8.Qxd4 e5
9.Qe3 Bb7 10.O-O Be7 11.Nd2 O-O 12.Rd1 Qc7 13.b3 Nc5 14.Ba3 Ne6 15.Nc4 Nd4
16.Rxd4 exd4 17.Qxd4 b5 18.Nb6 Rab8 19.a5 Rfe8 20.Bf3 Bf8 21.Rd1 Rbd8 22.Bb4 Re5
23.Qd3 Rde8 24.Ncd5 Bxd5 25.exd5 Ne4 26.c4 Nc5 27.Qc3 bxc4 28.Qxc4 Qe7 29.h3 Qg5
30.Bd2 Qg6 31.b4 Nd3 32.Qc3 R5e7 33.Nc8 Rd7 34.Be3 Nb2 35.Rc1 Nd3 36.Rd1 Nb2
37.Rc1 Nd3 38.Rf1 Ne5 39.Be2 Qf6 40.Rc1 g5 41.Bxa6 Rdd8 42.Bb6 g4 43.Bxd8 Qxd8
44.Bb5 Bg7 45.Qg3 Rf8 46.hxg4 f5 47.gxf5 Rxf5 48.Nb6  1-0

[Event "39th ECC Open 2024"]
[Site "Vrnjacka Banja SRB"]
[Date "2024.10.25"]
[Round "6.1"]
[White "Wei Yi"]
[Black "Keymer,Vincent"]
[Result "1/2-1/2"]
[WhiteElo "2763"]
[BlackElo "2721"]

1.e4 e5 2.Nf3 Nc6 3.Bc4 Nf6 4.d3 h6 5.c3 Be7 6.O-O O-O 7.Re1 d6 8.a4 Be6
9.Nbd2 a5 10.Nf1 Qc8 11.Ng3 Bxc4 12.dxc4 Qe6 13.Nf5 Kh7 14.Qd3 Ng8 15.Ne3 Rae8
16.b4 Nb8 17.Nd5 Bd8 18.bxa5 Na6 19.Ba3 c6 20.Ne3 Nc5 21.Bxc5 dxc5 22.Rab1 Re7
23.Nf5 Rd7 24.Qe3 Re8 25.Qxc5 Nf6 26.Ng3 g6 27.Red1 Bc7 28.Rxd7 Nxd7 29.Qa7 Bd6
30.Qe3 Nc5 31.h4 Ra8 32.h5 Rxa5 33.Rd1 Rxa4 34.Nh2 Be7 35.Qf3 Qf6 36.Qe2 Qf4
37.Ng4 Bh4 38.hxg6+ fxg6 39.Nf1 h5 40.Nge3 Bg5 41.g3 Qf7 42.Nh2 Nxe4 43.Nf3 Bf6
44.Qd3 Ng5 45.Nxg5+ Bxg5 46.Qe4 Ra2 47.Nc2 Rb2 48.c5 Qf5 49.Qxf5 gxf5 50.Na3 Bf6
51.Nc4 Rb5 52.Nb6 Bg7 53.c4 Rxc5 54.Rd7 e4 55.Rxb7 Ra5 56.Rc7 Ra1+ 57.Kg2 Ra2
58.Kf1 Rc2 59.Nc8 h4 60.gxh4 f4 61.Nd6 f3 62.Ke1 Kh8 63.Rc8+ Kh7 64.Rc7 Kg8
65.Rc8+ Bf8 66.Re8 Re2+ 67.Kd1 Rxf2 68.Nxe4 Rh2 69.Ng5 Rh1+ 70.Re1 Rxh4 71.Nxf3 Rxc4
72.Ne5 Rc5 73.Nd3 Rd5 74.Kc2 Bd6 75.Re8+ Kf7 76.Rc8 c5 77.Kc3 Ke6 78.Rxc5  1/2-1/2

[Event "39th ECC Open 2024"]
[Site "Vrnjacka Banja SRB"]
[Date "2024.10.26"]
[Round "7.2"]
[White "Wei Yi"]
[Black "Maurizzi,Marc'Andria"]
[Result "1-0"]
[WhiteElo "2763"]
[BlackElo "2594"]

1.e4 e5 2.Nf3 Nc6 3.Bc4 Nf6 4.d3 h6 5.c3 Bc5 6.b4 Be7 7.Qb3 O-O 8.a4 d6 9.O-O Nb8
10.Nbd2 c6 11.Qa2 a5 12.b5 d5 13.Bb3 Nbd7 14.exd5 cxd5 15.Re1 Qc7 16.Bb2 e4
17.dxe4 dxe4 18.Nxe4 Nxe4 19.Rxe4 Nc5 20.Re3 Nxb3 21.Qxb3 Bf6 22.Rc1 Bg4
23.c4 Bxb2 24.Qxb2 Bxf3 25.Rxf3 Rfe8 26.h4 Re5 27.Rg3 g6 28.Qd2 h5 29.Re3 Rae8
30.Rxe5 Rxe5 31.Qd4 Qc5 32.Qxc5 Rxc5 33.f4 Kf8 34.Kf2 Ke7 35.Ke3 b6 36.Kd4 f6
37.Re1+ Kd7 38.Re3 Rf5 39.g3 Rc5 40.Rd3 Ke6 41.Kc3 Ke7 42.Re3+ Kd7 43.Kd4 Rf5
44.Re2 Rc5 45.Re4 Rc8 46.Kd3 Rc5 47.Rd4+ Ke7 48.Ke4 Ke6 49.Kf3 Ke7 50.g4 hxg4+
51.Kxg4 Ke6 52.Kf3 Ke7 53.Kg3 Ke6 54.Kf2 Ke7 55.Kf3 Rc8 56.f5 gxf5 57.h5 Kf7
58.Ke3 Ke6 59.h6 Ke5 60.h7 Rh8 61.Rh4 f4+ 62.Kf3 Kd4 63.Kxf4 Kxc4 64.Kf5+ Kb3
65.Kxf6 Rxh7 66.Rxh7 Kxa4 67.Ke5  1-0

[Event "2nd China Chess King 2024"]
[Site "Chengdu CHN"]
[Date "2024.11.03"]
[Round "2.1"]
[White "Ma Qun"]
[Black "Wei Yi"]
[Result "0-1"]
[WhiteElo "2638"]
[BlackElo "2753"]

1.e4 c5 2.Nf3 d6 3.d4 cxd4 4.Nxd4 Nf6 5.Nc3 a6 6.Bg5 e6 7.f4 Qb6 8.Qd3 Qxb2
9.Rb1 Qa3 10.f5 Be7 11.fxe6 Bxe6 12.Rxb7 Qc5 13.Nd5 Bxd5 14.exd5 h6 15.Qe3 Qa5+
16.Kd1 O-O 17.Bxf6 Bxf6 18.Qe4 Qc3 19.Bd3 g6 20.Rxf7 Kxf7 21.Qxg6+ Ke7 22.Qh7+ Rf7
23.Nf5+ Kf8 24.Qxh6+ Rg7 25.Re1 Nd7 26.Qh8+ Rg8 27.Qh6+ Rg7 28.Re6 Kg8 29.Nxg7 Bxg7
30.Qh7+ Kf8 31.Qf5+ Nf6 32.Qf4 Kg8 33.Rxd6 Rb8 34.Ke2 Rf8 35.Qf5 Qd4 36.Qe6+ Kh8
37.Qh3+ Kg8 38.Qe6+ Kh8 39.Qh3+ Kg8 40.Bf5 Qe5+ 41.Kd1 Qxd6 42.Be6+ Rf7 43.c4 Kf8
44.Bxf7 Kxf7 45.Qc8 Bh6 46.Kc2 Kg6 47.Qh3 Qf4 48.Kb3 Qb8+ 49.Ka4 Qe8+ 50.Kb3 Qe5
51.Qd3+ Ne4 52.c5 Kg7 53.Kc4 Qe8 54.c6 Nd6+ 55.Kc5 Bf4 56.Qf3 Qe5 57.Qg4+ Kf8
58.Kb6 Qd4+ 59.Kc7 Qa7+  0-1